Convenios para evitar la doble imposicin̤ internacional interpretacin̤, procedimiento amistoso y arbitraje /

Detalles Bibliográficos
Autor principal: Ribes Ribes, Aurora
Otros Autores: Soler Roch, Mara̕ Teresa (pr)
Formato: Desconocido
Lenguaje:español
Publicado: Madrid : Editoriales de Derecho Reunidas, D.L. 2003
Colección:Biblioteca de los tributos (Editoriales de Derecho Reunidas)
Materias:
Acceso en línea:Acceso restringido

MARC

LEADER 00000ny a22000003n 4500
005 20110525103957.0
008 040119s2003 sp 000 0 spa c
017 |a D.L.M.3569-2003 
020 |a 8484940675 
035 |a 616 
040 |a SpMaUCDE  |d vLex 
040 |a UMA.RE  |d vLex 
080 |a 336.227.1(0.0.34) 
090 |c 253  |d 253 
100 1 |a Ribes Ribes, Aurora 
245 1 0 |a Convenios para evitar la doble imposicin̤ internacional  |h [Recurso electrn̤ico]  |b interpretacin̤, procedimiento amistoso y arbitraje /  |c Aurora Ribes Ribes ; prl̤ogo de Mara̕ Teresa Soler Roch 
256 |a Servicio en ln̕ea 
260 |a Madrid :  |b Editoriales de Derecho Reunidas,  |c D.L. 2003 
300 |a 470 p. ;  |c 22 cm 
490 1 |a Biblioteca de los tributos ;  |v 5 
506 1 |a Contenido solo disponible en los productos indicados  |d vLex Global  |d vLex Global (Academic Edition, excluding Law Schools)  |d vLex Global (U.S. Academic Edition, Law Schools)  |d vLex Global (U.S. Academic Edition, excluding Law Schools)  |d vLex Global (Academic Edition, Law Schools) 
650 0 7 |a Tributario  |2 Tesauro vLex 
650 0 7 |a Derecho internacional  |2 Tesauro vLex 
650 0 7 |a Civil  |2 Tesauro vLex 
700 1 |a Soler Roch, Mara̕ Teresa,  |e pr 
740 0 |a vLex Libros (Servicios en ln̕ea) 
830 0 |a Biblioteca de los tributos (Editoriales de Derecho Reunidas) 
856 4 0 |u http://vlex.com/source/616  |z Acceso restringido 
942 |c BOOK 
999 0 |a International Law  |b Madrid